La cuestión de límites entre Chile y la Argentina desde la independencia hasta el tratado de 1881

Tallennettuna:
Bibliografiset tiedot
Päätekijä: Encina, Francisco Antonio (Tekijä)
Aineistotyyppi: Kirja
Kieli:espanja
Julkaistu: Santiago Nascimento 1959
Aiheet:
Tagit: Lisää tagi
Ei tageja, Lisää ensimmäinen tagi!

MARC

LEADER 00000nam a2200000 a 4500
001 UCO1583
003 CL-VaPUC
008 000519e19590000CL |||||||||||||||||spa|d
082 0 4 |a 341.42  |b ENC  |2 21 
100 |a Encina, Francisco Antonio  |e author  |9 515542 
245 1 3 |a La cuestión de límites entre Chile y la Argentina desde la independencia hasta el tratado de 1881 
300 |a 271 p 
942 |c BK 
945 |d 20000519 00:00:00  |a crobeson 
260 |a Santiago  |b Nascimento  |c 1959 
650 0 |a Límites   |9 255439 
650 0 |a Problemas limítrofes  |9 266724 
650 0 |a Relaciones Internacionales  |9 255740 
650 0 |a Tratados internacionales   |9 256056 
650 0 |a Negociaciones internacionales  |9 358691 
650 7 |a DERECHOS TERRITORIALES  |2 CL-VaPUC  |9 266725 
651 7 |a CHILE  |2 CL-VaPUC  |9 443896 
651 0 |a Argentina  |9 254888 
583 |a last modification  |c 20000519 00:00:00  |k Rodrigo Vera 
999 |c 288191  |d 288189 
952 |0 0  |1 0  |4 0  |6 341_420000000000000_ENC_1959  |7 0  |8 A  |9 335664  |a BIBHIS  |b BIBHIS  |d 2019-11-20  |i 127676K  |o 341.42 ENC 1959  |p 127676K  |r 2025-01-20  |w 2019-11-20  |y BK  |k HIS 
952 |0 0  |1 0  |4 0  |6 341_420000000000000_ENC_1959  |7 0  |8 A  |9 335665  |a BIBHIS  |b BIBHIS  |d 2019-11-20  |i 1276867  |o 341.42 ENC 1959  |p 1276867  |r 2025-01-20  |w 2019-11-20  |y BK  |k HIS 
952 |0 0  |1 0  |4 0  |6 341_420000000000000_ENC_1959  |7 0  |8 A  |9 335666  |a BIBHIS  |b BIBHIS  |d 2019-11-20  |i 1276875  |o 341.42 ENC 1959  |p 1276875  |r 2025-01-20  |w 2019-11-20  |y BK  |k HIS 
952 |0 0  |1 0  |4 0  |6 341_420000000000000_ENC_1959  |7 0  |8 A  |9 335667  |a BIBHIS  |b BIBHIS  |d 2019-11-20  |i 1276883  |o 341.42 ENC 1959  |p 1276883  |r 2025-01-20  |w 2019-11-20  |y BK  |k HIS 
952 |0 0  |1 0  |4 0  |6 341_420000000000000_ENC_1959  |7 0  |8 DER_HDC  |9 335668  |a BIBDER  |b BIBDER  |d 2019-11-20  |i 378021K  |o 341.42 ENC 1959  |p 378021K  |r 2023-01-25  |w 2019-11-20  |x Ubicación 4to Piso  |y BK  |z Estos recursos deben solicitarse con anticipación  |k DER